| 000 | 00434nam a2200157Ia 4500 | ||
|---|---|---|---|
| 008 | 221030s9999 xx 000 0 und d | ||
| 020 | _a8170081858 | ||
| 041 | _aEnglish | ||
| 082 |
_a105.23 _bPac |
||
| 100 | _aV. K. Pachghare | ||
| 245 | 0 |
_aComprehensive Computer Graphics (Including C++) ( DEPARTMENTAL ) _cby V. K. Pachghare |
|
| 260 |
_bLaxmi Pub. _aNew Delhi _c2004 |
||
| 300 | _a224 | ||
| 650 | _aCSE Departmental | ||
| 942 | _cBK | ||
| 999 |
_c6123 _d6123 |
||